000 00715nam a2200229 a 4500
005 20240910064143.0
008 040128s20032008mx r 000 0 spa d
020 _a8472453618 (10 dígitos)
020 _a9788472453618 (13 dígitos)
035 _aUPN01000131602
049 _aCG
050 4 _aBF575 L8
_bS3.8 2003
100 1 _aSanz, Fina
_935087
245 1 4 _aLos vínculos amorosos :
_bamar desde la identidad en la terapia de reencuentro /
_cFina Sanz.
250 _a4a ed.
260 _aBarcelona, Esp. :
_bKairós,
_c2003. (reimp. 2008)
300 _a346 p. :
_bil.
650 4 _aAmor
_94320
650 4 _aRelaciones interpersonales
_91551
650 2 _aIntimidad (Psicología)
_99981
905 _aLibro
999 _c103757
_d103757